| 000 -LEADER |
| fixed length control field |
00694cas a2200205 a 4500 |
| 022 0# - INTERNATIONAL STANDARD SERIAL NUMBER |
| ISSN |
0889-1575 |
| 040 ## - CATALOGING SOURCE |
| Transcribing agency |
NSD |
| 082 00 - DEWEY DECIMAL CLASSIFICATION NUMBER |
| Classification number |
664 AUR 2006 C282 Or. |
| 245 00 - TITLE STATEMENT |
| Title |
Journal of food composition and analysis : |
| Remainder of title |
an official publication of the United Nations University, International Network of Food Data Systems |
| 260 ## - PUBLICATION, DISTRIBUTION, ETC. (IMPRINT) |
| Place of publication |
San Diego : |
| Name of publisher |
Academic Press, |
| Year of publication |
c1987- |
| 300 ## - PHYSICAL DESCRIPTION |
| Number of Pages |
v. : |
| Other physical details |
ill. ; |
| Dimensions |
26 cm |
| 500 ## - GENERAL NOTE |
| General note |
Title from cover |
| 500 ## - GENERAL NOTE |
| General note |
Imprint varies: Orlando, FL, <1995-> |
| 500 ## - GENERAL NOTE |
| General note |
Latest issue consulted: Vol. 8, no. 4 (Dec. 1995) |
| 650 #0 - SUBJECT ADDED ENTRY--TOPICAL TERM |
| Topical Term |
Food |
| 650 #0 - SUBJECT ADDED ENTRY--TOPICAL TERM |
| Topical Term |
Food |
| 650 #2 - SUBJECT ADDED ENTRY--TOPICAL TERM |
| Topical Term |
Food Analysis |
| 710 2# - ADDED ENTRY--CORPORATE NAME |
| Corporate name or jurisdiction name as entry element |
International Network of Food Data Systems |
| 942 ## - ADDED ENTRY ELEMENTS (KOHA) |
| Koha item type |
ADB |
| 952 ## - LOCATION AND ITEM INFORMATION (KOHA) |
| Withdrawn status [LOCAL, KOHA] |
0 |